00321nam a2200121Ia 4500008004100000041000800041082001400049100001900063245004400082260003200126300003200158365000900190240624s9999 xx 000 0 und d aeng a650.1 REI aREINDERS ADRIE aE FACTOR ENTREPRENEURSHIP IN THE SOCIAL c2012aTexasbBenbella Books axxix, : 172 : p. : cm. ; 23 cb28